[Event "Clutch Chess International"]
[Site "Saint Louis"]
[Date "2020.06.08"]
[Round "1.12"]
[White "Carlsen, Magnus"]
[Black "Xiong, Jeffery"]
[Result "1-0"]
[WhiteElo "2881"]
[BlackElo "2730"]
[Annotator "TA"]
[PlyCount "59"]
[EventDate "2020.06.05"]
[EventType "k.o."]
[EventCountry "USA"]
[SourceTitle "playchess.com"]
[Source "ChessBase"]
[SourceQuality "1"]

{[%evp 23,59,12,21,-4,14,25,16,16,18,0,7,0,33,38,43,19,33,5,10,0,23,0,49,36,43,46,58,43,39,18,83,93,307,300,300,226,215,217]} 1. e4 c5 2. Nf3 e6 3. c3 Nf6 4. e5 Nd5 5. Bc4 Nb6 6. Bb3 d6 7. d4 cxd4 8. cxd4 dxe5 9. Nxe5 Nc6 10. Nxc6 bxc6 11. O-O Be7 12. Nc3 O-O 13. Qf3 {B22: Sicilian: 2 c3.} Ba6 14. Rd1 {[#]} Nd5 $146 ({Predecessor:} 14... Rc8 15. Bc2 Bc4 16. b3 Bd5 17. Qh3 g6 18. Bh6 Re8 19. Rd3 Rc7 20. Rad1 Rd7 {0-1 (32) Aabling Thomsen,J (2331)-Aagaard,J (2506) Helsingor 2012}) 15. Ne4 {The position is equal.} Qb6 16. Qg3 {[#] aiming for Bh6!} Qb8 17. Bg5 {Black should prevent Bxd5.} f6 18. Bd2 Qxg3 19. hxg3 (19. fxg3 {feels hotter.} Bb5 20. Ba5 Rab8 21. Rac1 Rfc8 22. Kf2) 19... Bd3 20. Nc3 Rfc8 21. Rac1 Kf7 22. Na4 Bb5 23. Nc5 Bxc5 24. Rxc5 Nb6 25. Re1 Re8 26. Ra1 Red8 (26... Ba4 $11) 27. a4 $36 {[%cal Ba2a4,Ba4a5,Ba5b6][%mdl 2080] White is in control.} Bc4 $2 {[#]} (27... Rxd4 $16 28. axb5 Rxd2) 28. Bxc4 $18 Rxd4 29. a5 Rxc4 30. axb6 {Accuracy: White = 80%, Black = 67%.} 1-0

[Event "Clutch Chess International"]
[Site "Saint Louis"]
[Date "2020.06.09"]
[Round "1.12"]
[White "Dominguez Perez, Leinier"]
[Black "Caruana, Fabiano"]
[Result "1/2-1/2"]
[WhiteElo "2786"]
[BlackElo "2773"]
[Annotator "TA"]
[PlyCount "71"]
[EventDate "2020.06.05"]
[EventType "k.o."]
[EventCountry "USA"]
[SourceTitle "playchess.com"]
[Source "ChessBase"]
[SourceQuality "1"]

{[%evp 9,71,16,27,9,27,12,15,5,12,-4,10,15,19,0,0,0,0,0,0,0,0,0,0,0,0,0,13,0,18,31,29,0,12,0,0,0,0,0,27,25,65,58,70,71,67,66,66,32,54,31,58,0,0,0,0,0,0,0,0,0,0,0,0,0]} 1. e4 c6 2. d4 d5 3. e5 Bf5 4. h4 h5 5. Bd3 Bxd3 6. Qxd3 {next e6 is good for White. B12: Caro-Kann: Advance Variation.} Qa5+ 7. Nd2 {With the idea e6!} (7. Nc3 {feels hotter.} e6 8. Nf3 c5 9. O-O cxd4 10. Nxd4 Nc6 11. Ncb5) 7... e6 8. Ngf3 Nh6 9. O-O Nf5 10. Nb3 {[#]} Qb5 $146 ({Predecessor:} 10... Qa6 11. Qd1 Nd7 12. Bf4 Be7 13. g3 Rc8 14. c3 c5 15. a4 Qb6 16. Ra2 a6 17. dxc5 Bxc5 {½-½ (48) Jones,G (2709)-Xiong,J (2684) Saint Louis 2019}) 11. Qd1 c5 12. dxc5 Bxc5 13. Bg5 {Black must now prevent c4!} Nc6 14. a4 Qb6 15. c3 a6 16. Nxc5 Qxc5 17. Re1 Qc4 18. Nd2 Qc5 19. Rc1 b5 20. Ra1 (20. b4 $5 {[%cal Rb4c5]} Qb6 21. a5 $11) 20... Rc8 21. axb5 Qxb5 22. b3 Qd3 23. c4 Ncd4 {Black wants to play ...Nc2.} (23... Nb4 {with more complications.} 24. Ra4 Nc2 25. Rf1 Ncd4 26. Rxa6 O-O) 24. Rxa6 O-O 25. Qxh5 Nxb3 26. Nxb3 Qxb3 27. cxd5 Qxd5 28. Raa1 Rc4 29. Rad1 $1 {[%cal Rd1d5]} Qc6 30. Rc1 (30. Rd2 $14) 30... Rxc1 $11 {The position is equal.} 31. Rxc1 Qe4 32. Rd1 Nd4 33. Be3 Nf5 34. Bg5 Nd4 35. Be3 Nf5 36. Bg5 {Accuracy: White = 88%, Black = 89%.} 1/2-1/2

[Event "Clutch Chess International"]
[Site "Saint Louis"]
[Date "2020.06.09"]
[Round "1.12"]
[White "Aronian, Levon"]
[Black "Grischuk, Alexander"]
[Result "1-0"]
[WhiteElo "2778"]
[BlackElo "2784"]
[Annotator "TA"]
[PlyCount "57"]
[EventDate "2020.06.05"]
[EventType "k.o."]
[EventCountry "USA"]
[SourceTitle "playchess.com"]
[Source "ChessBase"]
[SourceQuality "1"]

{[%evp 9,57,27,28,6,23,32,24,26,28,26,17,7,18,16,11,13,21,10,34,0,52,38,40,36,43,23,25,0,0,0,0,-14,-3,-70,-59,-52,117,125,112,104,896,888,887,887,887,878,856,849,826,810]} 1. e4 c5 2. Nf3 d6 3. Nc3 Nf6 4. d4 cxd4 5. Qxd4 Nc6 6. Qe3 {[#] B53: Sicilian: 2...d6: Lines with Qxd4.} d5 $146 {Hoping for ...d4.} ({Predecessor:} 6... g6 7. h3 Bg7 8. Bc4 a6 9. a4 O-O 10. O-O Bd7 11. Rd1 Rc8 12. Qe2 Qc7 13. Ba2 h6 {½-½ (22) Tyulenko,Y (2435)-Kain,A (2404) ICCF email 2013}) 7. Bb5 Nxe4 8. Nd4 {White has an edge.} Bd7 9. Nxe4 dxe4 10. Bxc6 bxc6 11. Qxe4 Qa5+ 12. Bd2 Qd5 13. Qe3 ({Reject} 13. Qxd5 cxd5 14. O-O-O f6 $15) 13... c5 14. Ne2 e6 (14... Qxg2 $11 15. O-O-O Qc6) 15. Bc3 $14 Bc6 16. f3 Be7 17. Nf4 Qf5 $1 18. h4 Bd6 19. Ne2 Qxc2 20. Rd1 Be7 21. Nf4 (21. Kf2 $11) 21... O-O $15 22. O-O {With the idea Nxe6!} Rfd8 $2 {[#]} (22... Bxh4 $15 {stays ahead.} 23. Qxc5 Qf5 24. Qxf5 exf5) 23. Rc1 $1 $16 {[%cal Rc1c2]} Qa4 {[#]} ({Not} 23... Qf5 $2 24. g4 $18) 24. Nxe6 $1 $40 {[%mdl 640] White wants a kill.} fxe6 $2 {[%mdl 8192] This costs Black the game.} (24... Rd5 $16) 25. Qxe6+ $18 {[%mdl 64] Double Attack. White is clearly winning.} Kf8 {[#]} 26. Bxg7+ $1 {[%mdl 576] Deflection, Decoy} Kxg7 27. Qxe7+ {[%mdl 64] Double Attack} Kg8 28. Qe6+ Kh8 29. Rc4 {Accuracy: White = 84%, Black = 71%.} 1-0

[Event "Clutch Chess International"]
[Site "Saint Louis"]
[Date "2020.06.08"]
[Round "1.12"]
[White "So, Wesley"]
[Black "Vachier-Lagrave, Maxime"]
[Result "1-0"]
[WhiteElo "2741"]
[BlackElo "2860"]
[Annotator "TA"]
[PlyCount "29"]
[EventDate "2020.06.05"]
[EventType "k.o."]
[EventCountry "USA"]
[SourceTitle "playchess.com"]
[Source "ChessBase"]
[SourceQuality "1"]

{[%evp 9,29,49,61,43,52,50,67,58,55,67,108,101,97,103,154,146,282,283,265,283,485,479]} 1. d4 Nc6 2. e4 e5 3. dxe5 Nxe5 4. Nf3 Qf6 5. Nc3 Nxf3+ 6. Qxf3 {B00: Queen's Fianchetto Defence, Nimzowitsch Defence.} Qxf3 7. gxf3 c6 8. Rg1 {White is slightly better.} Ne7 9. Be3 {[#]} d5 $146 {[#]} ({Predecessor:} 9... d6 10. O-O-O Ng6 11. Bd3 b6 12. f4 Bb7 13. f5 Ne5 14. Be2 O-O-O 15. f4 Nd7 {½-½ (57) Braeuning,R (2290)-Reinhardt,B (2255) Germany 1998}) 10. exd5 $1 Nf5 11. O-O-O Be7 ({Black should try} 11... Nxe3 12. fxe3 g6) 12. Bf4 $16 Bd7 (12... Bh4 $16 13. dxc6 bxc6) 13. Bh3 $18 O-O-O 14. dxc6 bxc6 $2 {[#]} (14... Be6 {was called for.} 15. Nd5 Bc5 16. Bxf5 Bxf5) 15. Rxd7 $1 {[%mdl 576] Remove Defender. Black did not feel at home in the position after the opening. Accuracy: White = 100%, Black = 39%.} 1-0

[Event "Clutch Chess International"]
[Site "Saint Louis"]
[Date "2020.06.11"]
[Round "2.1"]
[White "Carlsen, Magnus"]
[Black "Aronian, Levon"]
[Result "1-0"]
[WhiteElo "2881"]
[BlackElo "2778"]
[Annotator "TA"]
[PlyCount "73"]
[EventDate "2020.06.05"]
[EventType "k.o."]
[EventCountry "USA"]
[SourceTitle "playchess.com"]
[Source "ChessBase"]
[SourceQuality "1"]

{[%evp 10,73,3,-5,0,-23,-12,-12,-7,-19,-17,-21,5,0,-4,-5,0,-23,-29,-61,-35,-40,0,-60,-39,-79,-59,-83,-72,-90,-86,-87,-76,-95,-81,-104,-86,-98,-94,-175,-63,-63,-63,-104,-63,-64,-36,-36,-36,-94,-100,-143,-83,-195,-193,-262,-157,-270,-195,-266,0,0,825,818,1256,1225]} 1. Nf3 d5 2. g3 Nf6 3. Bg2 e6 4. O-O Be7 5. d3 O-O 6. Nbd2 a5 {[#] A07: Réti Opening: New York and Capablanca Systems.} 7. c4 $146 ({Predecessor:} 7. e4 a4 8. a3 Nc6 9. Re1 dxe4 10. dxe4 e5 11. c3 Bc5 12. h3 h6 13. Qe2 Qe7 14. Nh4 {1-0 (32) Nakamura,H (2736)-Bacrot,E (2673) chess.com INT 2020}) 7... a4 8. Ne5 Nbd7 {The position is equal.} 9. Ndf3 c5 10. Bf4 d4 (10... Nb6 {feels hotter.} 11. Bg5 Qc7 12. Rc1 h6 13. Bd2 Rd8) 11. Nxd7 Nxd7 12. e4 b5 13. b3 Qb6 14. Rb1 axb3 15. axb3 Bb7 16. h4 (16. cxb5 $11 Qxb5 17. b4) 16... Bc6 17. h5 Ra2 18. Bh3 Rfa8 19. Ne5 Nxe5 20. Bxe5 Bd7 21. h6 g6 ({Avoid the trap} 21... gxh6 $2 22. Qg4+ Bg5 23. f4 $18) 22. Qf3 Qd8 23. Bg7 b4 24. e5 (24. Rfe1 $17) 24... Bf8 (24... R8a6 $1 $19 25. Rfe1 Bc6) 25. Bxf8 $1 $15 Kxf8 26. Bg2 R8a6 27. Qf4 Bc6 28. Bxc6 Rxc6 29. Rfe1 ({White should play} 29. Ra1 $15 Rca6 30. Rxa2 Rxa2 31. Qf3) 29... Rca6 $17 30. Re4 Rc2 (30... R6a3 $142 31. Qc1 Qa8) 31. Qf3 (31. Ree1 $17 {only move.}) 31... Raa2 32. Rf1 (32. Ree1 {was worth a try.}) 32... Rcb2 ({Better is} 32... Kg8 $19 33. Ree1 Qa8 34. Qxa8+ Rxa8) 33. Rf4 (33. Ree1 $17 {is the only way for White.}) 33... Qc7 34. Rg4 {[#]} (34. Re4 $142 Qe7 35. Ree1) 34... Qxe5 $2 ({Black should try} 34... Qe7 $1 $19 {...Kg8 is the strong threat.} 35. Re4 Rxb3) 35. Re4 Qh5 $2 {[%mdl 8192]} (35... Qg5 $11 36. Rxe6 {[#]} Qf5 $1 {[%mdl 512]} 37. Qxf5 gxf5) 36. Qf6 $18 {[%cal Rf6d8]} Qxh6 37. Rxe6 {White used his chance. Accuracy: White = 53%, Black = 48%.} 1-0

[Event "Clutch Chess International"]
[Site "Saint Louis"]
[Date "2020.06.11"]
[Round "2.1"]
[White "Caruana, Fabiano"]
[Black "So, Wesley"]
[Result "0-1"]
[WhiteElo "2773"]
[BlackElo "2741"]
[Annotator "TA"]
[PlyCount "64"]
[EventDate "2020.06.05"]
[EventType "k.o."]
[EventCountry "USA"]
[SourceTitle "playchess.com"]
[Source "ChessBase"]
[SourceQuality "1"]

{[%evp 11,64,8,2,0,-5,0,-4,-126,-125,-122,-123,-172,-175,-182,-173,-196,-125,-153,-71,-79,-75,-50,-51,-75,-60,-83,-46,-46,-51,-52,-41,-90,-114,-119,-36,-106,-106,-128,-47,-375,-383,-345,-338,-312,-75,-2807,-2240,-5114,-5114,-4674,-1063,-993,-993,-29988,-29988]} 1. d4 Nf6 2. c4 e6 3. Nc3 Bb4 4. Qc2 O-O 5. e4 d5 6. e5 Ne4 $1 7. a3 {E32: Nimzo-Indian: Classical (4 Qc2): 4...0-0.} Bxc3+ $1 8. bxc3 c5 $1 {[#]} 9. f3 $146 (9. Bd3 $11 {remains equal.}) ({Predecessor:} 9. Bb2 Nc6 10. Bd3 f5 11. Ne2 dxc4 12. Bxe4 fxe4 13. O-O b5 14. Qxe4 Bb7 15. Qg4 {1-0 (44) Yu,Y (2736)-Aronian,L (2756) Riga 2019}) 9... Qh4+ $17 10. g3 Nxg3 $1 11. hxg3 Qxh1 12. Qf2 Qh5 13. Bd3 f6 ({Black should play} 13... Nc6 $19 14. Bf4 g5) 14. exf6 Rxf6 (14... gxf6 $142 15. g4 Qf7 16. cxd5 exd5) 15. g4 Qf7 (15... Qh1 $2 16. Bg5 $19) 16. Qh4 g6 {White must now prevent ...cxd4.} 17. Bg5 Nd7 $1 18. Kf2 dxc4 19. Bxc4 {[#]} cxd4 $1 20. cxd4 {[#]} b5 $1 {[%cal Rb5c4]} 21. Bxb5 Bb7 $1 {[%cal Rf6f3] aiming for ...Rxf3+.} 22. Qg3 {[#] Threatens to win with Bxd7.} Rf8 (22... e5 $1 $17 {Strongly threatening ...Rb6.} 23. Bxf6 (23. dxe5 Rb6) 23... Nxf6) 23. Bxf6 (23. Ke1 $1 $15) 23... Nxf6 {[%cal Bd7f6,Bf6h5,Bh5f4][%mdl 32]} 24. Kg2 h5 (24... Bd5 $17 {And now ...Qb7 would win.} 25. Kh2 Qg7) 25. gxh5 $2 {[%mdl 8192]} ({Only move:} 25. Rc1 $1 $15 Nd5 26. gxh5) 25... Nxh5 $19 26. Qg4 Nf4+ 27. Kf2 e5 $2 (27... Qc7 $19 {and Black stays clearly on top. Hoping for ...Qc2+.} 28. Re1 Qb6) 28. Ne2 $2 {[%mdl 8192] [#]} (28. Qd7 $17) 28... Bxf3 $1 {[%mdl 576] Decoy} 29. Kxf3 Qb3+ {[%mdl 64] Double Attack} 30. Kf2 Qxb5 (30... Nxe2+ $142 31. Kxe2 Qxb5+ 32. Kd2 Qb2+ {[%mdl 64] Double Attack} 33. Kd3 Qb3+ 34. Ke4 Rf4+ 35. Qxf4 exf4 36. Kxf4 {[#]} Qb2 $1 {[%mdl 512]}) 31. Ke1 Kg7 32. Ng3 {[#]} Qb2 $1 {Accuracy: White = 39%, Black = 54%.} 0-1

[Event "Clutch Chess International"]
[Site "Saint Louis"]
[Date "2020.06.11"]
[Round "2.2"]
[White "Aronian, Levon"]
[Black "Carlsen, Magnus"]
[Result "0-1"]
[WhiteElo "2778"]
[BlackElo "2881"]
[Annotator "TA"]
[PlyCount "74"]
[EventDate "2020.06.05"]
[EventType "k.o."]
[EventCountry "USA"]
[SourceTitle "playchess.com"]
[Source "ChessBase"]
[SourceQuality "1"]

{[%evp 17,74,14,23,-22,-5,-2,0,0,0,0,1,-46,-58,-49,-55,-39,-49,-54,0,-69,-47,-56,-62,-56,-52,-148,-145,-180,-176,-176,-176,-173,-181,-171,-164,-181,-165,-159,-164,-152,-163,-152,-142,-172,-172,-185,-185,-195,-191,-188,-191,-236,-207,-211,-214,-329,-329,-765,-579]} 1. e4 Nf6 2. e5 Nd5 3. c4 Nb6 4. d4 d6 5. exd6 cxd6 6. Nc3 g6 7. Be3 Bg7 8. h3 O-O 9. Nf3 Nc6 10. d5 {B04: Alekhine's Defence: 4 Nf3.} Na5 11. Bd4 $1 {[%cal Rd4g7] Hoping for Bxg7.} Bxd4 12. Qxd4 {Black must now prevent Nd2.The position is equal.} e5 13. dxe6 Bxe6 {[#]} 14. Ne4 $146 ({Predecessor:} 14. b3 Nc6 15. Qf4 d5 16. O-O-O Qe7 17. cxd5 Qa3+ 18. Kb1 Nb4 19. dxe6 Nxa2 20. Nxa2 Qxb3+ {0-1 (48) Schweber,S (2395)-Piza Cortizo,D Buenos Aires 1988}) 14... Nc6 15. Nf6+ {[%cal Be4f6,Bf6g4,Bg4e3][%mdl 32]} Kh8 16. Qf4 $1 ({But not} 16. Qh4 Kg7 $17) 16... Bf5 17. Ng4 Re8+ (17... Qe7+ $15 18. Ne3 d5) 18. Be2 (18. Ne3 $11) 18... Bd3 19. Ne3 Bxe2 20. Kxe2 d5 $36 {[%mdl 2048] ...Nxc4 is the strong threat. Black is pushing.} 21. Ng5 {Black keeps a firm grip on the game.} ({White should play} 21. Kf1 $15) 21... Qe7 $17 22. Rhe1 d4 {[%mdl 64] [#] Pin} 23. Kf1 dxe3 24. Rxe3 Qd7 {aiming for ...Rxe3.} 25. Nxf7+ Kg7 26. Rf3 {Intending Qf6+ and mate.} Qd4 {[%mdl 64] [#] Strongly threatening ...Re4. Double Attack} 27. Nd6 Re7 ({Resist} 27... Qxb2 28. Nxe8+ Rxe8 29. Qf7+ Kh6 30. Qxe8 $15) 28. Qxd4+ Nxd4 29. Rd3 Nc6 30. b3 Nd7 31. Rad1 Nc5 32. R3d2 a5 33. g3 a4 34. Rb2 Nb4 35. bxa4 Rxa4 36. a3 (36. h4 {was necessary.}) 36... Nbd3 $19 37. Rb3 $2 (37. Re2 Rd7 38. Nc8 Rxa3 39. Nb6) 37... Nxb3 {Accuracy: White = 54%, Black = 92%.} 0-1

[Event "Clutch Chess International"]
[Site "Saint Louis"]
[Date "2020.06.11"]
[Round "2.2"]
[White "So, Wesley"]
[Black "Caruana, Fabiano"]
[Result "1-0"]
[WhiteElo "2741"]
[BlackElo "2773"]
[Annotator "TA"]
[PlyCount "155"]
[EventDate "2020.06.05"]
[EventType "k.o."]
[EventCountry "USA"]
[SourceTitle "playchess.com"]
[Source "ChessBase"]
[SourceQuality "1"]

{[%evp 13,155,0,14,5,10,21,28,20,7,0,13,0,7,0,0,0,0,0,22,-12,-8,-10,0,0,0,0,0,0,0,0,0,-2,-2,-28,0,-12,0,0,0,0,0,0,0,0,4,5,8,8,8,8,9,0,0,0,0,0,34,30,29,0,0,0,0,0,0,-9,0,0,0,0,0,0,0,0,0,0,0,0,0,0,0,0,0,0,0,0,0,0,0,0,0,0,0,0,0,0,0,0,0,0,0,0,8,8,7,0,45,46,65,60,66,66,66,66,75,75,76,28,28,19,72,30,60,52,160,71,72,33,80,107,490,490,1410,1276,1270,1128,1156,1125,804,490,844,929,1568,1485]} 1. e4 e5 2. Nf3 Nf6 3. Nxe5 d6 4. Nf3 Nxe4 5. Nc3 Nxc3 6. dxc3 Be7 7. Be3 O-O 8. Qd2 {C42: Petroff Defence: 3 Nxe5 and unusual White 3rd moves.} Nd7 9. O-O-O Nf6 {seems to push 9...Ne5 aside.} 10. Bd3 {White has an edge.} Re8 11. Kb1 Bd7 12. Rhe1 c5 13. Bg5 h6 14. Bxf6 Bxf6 {[#]} 15. Be4 $146 ({Predecessor:} 15. Rxe8+ Qxe8 16. Qf4 Rd8 17. Re1 Be6 18. Bf5 Qb5 19. Bxe6 fxe6 20. Qd2 Re8 21. Qe3 Re7 22. g3 e5 23. Qd3 Qxd3 24. cxd3 Kf7 25. Kc2 Rc7 26. Nd2 {½-½ (26) Biedermann,T (2416)-Nightingale,D (2500) ICCF email 2012}) 15... Qb6 16. Ka1 (16. Qxd6 {with more complications.} Bc6 17. Bxc6 Rxe1 18. Nxe1 bxc6 19. Qg3) 16... Bc6 17. Bd5 Rad8 18. h4 Rxe1 19. Rxe1 Bxd5 20. Qxd5 Qc6 21. Qxc6 bxc6 $11 {[%mdl 4096] Endgame KRB-KRN} 22. g4 Kf8 23. Kb1 (23. g5 $5 {[%cal Rg5f6]} Be7 24. a3 $11) 23... d5 24. Kc1 c4 25. g5 hxg5 26. hxg5 Be7 27. Rg1 c5 28. b3 cxb3 29. axb3 Rd6 30. Kd2 Bd8 31. Kd3 Re6 32. Nd2 Re5 33. f4 Rf5 34. Rg4 Bc7 35. Ke3 f6 36. Nf3 fxg5 37. Nxg5 {[#] Black must now prevent Ne6+.} Ke7 38. Nf3 Kf6 39. Rh4 Kf7 40. Ng5+ Ke7 41. Nf3 a5 42. Nd2 Ke6 43. c4 Bd8 44. Rg4 Bf6 45. cxd5+ Rxd5 46. Nc4 Kf5 47. Kf3 Rd4 48. Ne3+ Ke6 49. Rg2 a4 50. bxa4 Rxa4 51. Re2 Kd6 52. Rd2+ Kc6 53. Rg2 Ra7 54. c4 Kd6 55. Nd5 Ke6 56. Ke4 Bd4 57. Rg6+ Kf7 58. Rc6 g6 59. Nc7 Ra1 60. Ne6 Re1+ 61. Kd5 Be3 62. Ng5+ Kg7 63. Rc7+ Kg8 64. Ne6 {Strongly threatening Rg7+.} Kh8 65. Nf8 Rg1 66. Ke4 Bd4 (66... Bxf4 $11 67. Kxf4 Rf1+ 68. Kg5 Rxf8) 67. Rc8 Re1+ 68. Kd5 Rd1 (68... Kg7 $1 $14) 69. Ne6+ ({White should try} 69. Nxg6+ Kg7 70. Ne5) 69... Kh7 $16 70. Nxc5 {Threatens to win with Ne6.} Ba1+ 71. Ke6 Rf1 $2 {[%mdl 8192] [#] This move loses the game for Black.} (71... Kh6 $16 72. Ke7 g5) 72. Nd3 $1 $18 {White is clearly winning.} Rf3 (72... Bd4 $142 73. Kd5 Be3) 73. Rd8 Re3+ 74. Kf7 Re4 75. c5 Rc4 76. Ke6 Rc2 (76... Bg7 $142 77. Rd7 Kg8) 77. Rd5 Kg7 78. Kd7 {Accuracy: White = 84%, Black = 74%.} 1-0

[Event "Clutch Chess International"]
[Site "Saint Louis"]
[Date "2020.06.11"]
[Round "2.3"]
[White "Carlsen, Magnus"]
[Black "Aronian, Levon"]
[Result "1/2-1/2"]
[WhiteElo "2881"]
[BlackElo "2778"]
[Annotator "TA"]
[PlyCount "139"]
[EventDate "2020.06.05"]
[EventType "k.o."]
[EventCountry "USA"]
[SourceTitle "playchess.com"]
[Source "ChessBase"]
[SourceQuality "1"]

{[%evp 9,139,9,6,-19,-14,-25,-12,-35,-28,-27,-33,-40,-33,-18,-9,-5,7,-16,40,31,18,0,96,43,44,43,57,67,64,50,64,63,68,60,66,51,64,69,52,36,43,0,0,0,0,0,0,0,0,0,0,0,0,0,0,0,0,0,0,0,0,-2,-6,-17,-13,-10,0,0,0,0,0,0,0,0,0,0,0,0,0,0,0,0,0,0,0,-14,0,0,0,-2,-1,-2,0,0,0,0,0,0,0,0,8,8,8,8,8,8,59,8,8,8,8,8,8,8,8,8,10,8,8,8,8,8,8,8,8,8,8,8,8,8,8,8]} 1. c4 Nf6 2. Nc3 e5 3. g3 Bb4 4. e4 Bxc3 5. bxc3 O-O 6. f3 Re8 7. Nh3 c6 8. Nf2 d5 9. cxd5 cxd5 10. Bg2 b6 11. O-O Ba6 12. Re1 Nc6 13. d3 h6 (13... dxe4 $11 14. fxe4 Na5) 14. exd5 $1 $14 Nxd5 15. f4 $36 {[%mdl 2048] White fights for an advantage.} Rc8 {[#]} (15... Nxc3 $11 {keeps the balance.} 16. Qc2 Rc8 17. Qxc3 {[%mdl 64] Double Attack} Nd4) 16. c4 (16. Bb2 $1 $16) 16... Nf6 $1 17. fxe5 Rxe5 18. Rxe5 Nxe5 19. Bb2 $1 {[%cal Rb2e5]} Ned7 20. Qa4 Nc5 21. Qa3 Bb7 22. Bxb7 Nxb7 23. Qxa7 Nc5 24. Qa3 h5 25. Re1 Ng4 {[#] And now ...Nxf2 would win.} 26. Nxg4 hxg4 27. Qc3 {[%csl Gb2][%cal Rc3g7]} f6 28. Re3 Qd7 29. Qd4 Rd8 30. Qxd7 Rxd7 $11 {[%mdl 4096] Endgame KRB-KRN} 31. d4 Na4 32. Ba1 {Black must now prevent Re8+.} Rc7 33. c5 bxc5 34. Ra3 cxd4 35. Bxd4 Rc4 36. Be3 Nc3 37. Kf1 Kh7 38. Ke1 Kg6 39. Ra7 Rb4 40. Kd2 Nd5 {Threatening ...Rb2+.} 41. Bc5 Rb2+ 42. Kd3 Rxh2 43. Rd7 Rh5 44. Bf8 {next a4 is good for White.} Re5 45. Kd4 Nb6 46. Rxg7+ Kf5 47. Ra7 Re4+ 48. Kd3 Nc4 49. Bh6 Ne5+ 50. Kc3 Rc4+ 51. Kb3 Rd4 {aiming for ...Rd3+.} 52. Rc7 Ke4 53. a4 Rd3+ 54. Rc3 {Rxd3 is the strong threat.} Rxc3+ (54... Rf3 {with more complications.} 55. Bf8 Nc6 56. Kb2 Nd4 57. a5 Rf2+) 55. Kxc3 {KB-KN} Kd5 56. Bg7 Nf3 57. Bxf6 {White wants to play Kd3.} Nh2 (57... Kc5 $11) 58. Kb4 (58. Bd4 $1 $14) 58... Kc6 {The position is equal.} 59. Bd4 Kb7 60. Bg1 Nf3 61. Bf2 Nh2 62. Kb5 Ka8 63. a5 {[%cal Ba4a5,Ba5a6][%mdl 32]} Kb7 64. a6+ Ka8 65. Kc6 Nf1 66. Kd5 Nxg3 67. Bxg3 Ka7 68. Ke4 Kxa6 69. Kf4 Kb5 70. Kxg4 {Accuracy: White = 93%, Black = 95%.} 1/2-1/2

[Event "Clutch Chess International"]
[Site "Saint Louis"]
[Date "2020.06.11"]
[Round "2.3"]
[White "Caruana, Fabiano"]
[Black "So, Wesley"]
[Result "1/2-1/2"]
[WhiteElo "2773"]
[BlackElo "2741"]
[Annotator "TA"]
[PlyCount "104"]
[EventDate "2020.06.05"]
[EventType "k.o."]
[EventCountry "USA"]
[SourceTitle "playchess.com"]
[Source "ChessBase"]
[SourceQuality "1"]

{[%evp 9,104,22,20,-9,12,-10,0,0,0,0,0,0,0,0,0,0,0,0,0,0,8,8,6,14,12,7,13,-3,8,0,31,25,36,8,8,0,0,0,1,0,10,1,8,9,21,17,15,10,5,8,12,10,90,85,94,80,60,33,90,100,86,89,90,38,50,39,33,0,0,0,0,0,0,0,0,0,0,0,0,0,0,0,0,0,0,0,0,-7,-7,-8,-8,-8,-8,-8,-8,-8,-8]} 1. e4 e5 2. Nf3 Nc6 3. Bb5 Nf6 4. O-O Nxe4 5. Re1 Nd6 6. Bf1 {C67: Ruy Lopez: Berlin Defence: 4 0-0 Nxe4.} Be7 {Threatens to win with ...e4.} 7. Nc3 Nf5 8. Nxe5 Nxe5 9. Rxe5 d6 10. Re1 d5 11. d4 O-O 12. Ne2 {[%cal Bc3e2,Be2g3,Bg3h5,Bh5f4][%mdl 32]} c6 13. c3 Re8 14. Bf4 {[#]} Bd6 $146 ({Predecessor:} 14... Be6 15. Qd2 Qd7 16. a4 a5 17. Nc1 Nd6 18. Nd3 Ne4 19. Qd1 Bf5 20. Ne5 Qc8 21. Bd3 Nd6 22. Bf1 Ne4 23. Bd3 Nd6 24. Bf1 Ne4 25. Bd3 Nd6 26. Bf1 {½-½ (26) Yu,Y (2739)-Andreikin,D (2722) Hengshui 2019}) 15. Qd2 Bd7 16. Ng3 {And now Rxe8+ would win.} Qc7 17. Bxd6 Qxd6 18. a4 a5 19. Nh5 Qh6 20. Qxh6 Nxh6 21. Nf4 Nf5 22. Nd3 Nd6 23. Rxe8+ Bxe8 24. f3 b6 25. Kf2 f6 26. h4 Bg6 27. b3 Kf7 28. Rc1 Bxd3 29. Bxd3 $11 {[%mdl 4096] Endgame KRB-KRN} c5 30. h5 f5 (30... g6 $11 {remains equal.}) 31. Re1 $16 c4 {[#]} 32. Bc2 $1 Rc8 33. Re5 cxb3 ({Black should try} 33... f4 $14) 34. Bxb3 Rxc3 35. Bxd5+ Kf8 36. h6 (36. Re6 $16 Nc4 37. Ke2) 36... gxh6 $14 37. Re6 Nc4 38. Bxc4 (38. Rxh6 {keeps more tension.} Ne3 39. Bb7 Ra3 40. Rxb6 Ke7 41. g3) 38... Rxc4 {KR-KR. The position is equal.} 39. Ke3 Rxa4 40. Rxb6 Kg7 41. Ra6 h5 42. g3 f4+ {[%mdl 64] [#] Decoy} 43. Kxf4 Rxd4+ 44. Ke5 Rd3 45. Ke4 Ra3 46. Kf4 a4 47. Kg5 Rxf3 48. Ra7+ Kg8 49. Rxa4 Rxg3+ 50. Kxh5 Rf3 51. Ra8+ Rf8 52. Rxf8+ Kxf8 {Accuracy: White = 90%, Black = 92%.} 1/2-1/2